The new international commentary on the Old Testament / (Record no. 6869)
[ view plain ]
| 000 -LEADER | |
|---|---|
| fixed length control field | 02889cam a2200457Ia 4500 |
| 001 - CONTROL NUMBER | |
| control field | 7348512 |
| 003 - CONTROL NUMBER IDENTIFIER | |
| control field | OCoLC |
| 005 - DATE AND TIME OF LATEST TRANSACTION | |
| control field | 20190121123340.0 |
| 008 - FIXED-LENGTH DATA ELEMENTS--GENERAL INFORMATION | |
| fixed length control field | 810420m19659999miu b 001 0 eng d |
| 035 ## - SYSTEM CONTROL NUMBER | |
| System control number | (OCoLC)7348512 |
| 040 ## - CATALOGING SOURCE | |
| Original cataloging agency | WTS |
| Transcribing agency | WTS |
| Modifying agency | VFY |
| -- | OCL |
| -- | MZN |
| -- | OCoLC |
| 082 ## - DEWEY DECIMAL CLASSIFICATION NUMBER | |
| Classification number | REF 220.7 |
| Item number | H318N |
| 090 ## - LOCALLY ASSIGNED LC-TYPE CALL NUMBER (OCLC); LOCAL CALL NUMBER (RLIN) | |
| Classification number (OCLC) (R) ; Classification number, CALL (RLIN) (NR) | BS491.2 |
| Local cutter number (OCLC) ; Book number/undivided call number, CALL (RLIN) | .N48 |
| 245 04 - TITLE STATEMENT | |
| Title | The new international commentary on the Old Testament / |
| Statement of responsibility, etc. | R.K. Harrison, Robert L. Hubbard, Jr., general eds |
| 246 3# - VARYING FORM OF TITLE | |
| Title proper/short title | New international commentary |
| 260 ## - PUBLICATION, DISTRIBUTION, ETC. | |
| Place of publication, distribution, etc. | Grand Rapids : |
| Name of publisher, distributor, etc. | Eerdmans, |
| Date of publication, distribution, etc. | 1965- |
| 300 ## - PHYSICAL DESCRIPTION | |
| Extent | v. ; |
| Dimensions | 22 cm |
| 504 ## - BIBLIOGRAPHY, ETC. NOTE | |
| Bibliography, etc. note | Includes bibliographical references and indexes |
| 505 0# - FORMATTED CONTENTS NOTE | |
| Formatted contents note | [v. 1a] The book of Genesis chapters 1-17 /Victor P. Hamilton -- [v. 1b] The book of Genesis chapters 18-50 / Victor P. Hamilton -- [v. 3] The book of Leviticus / Gordon J. Wenham -- [v. 4] The book of Numbers / Timothy R. Ashley -- [v. 5] The book of Deuteronomy / Peter C. Craigie -- [v. 6] The book of Joshua / Marten H. Woudstra -- [v. 7] The book of Judges / Barry G. Webb -- [v. 8] The book of Ruth / Robert L. Hubbard Jr. -- [V. 9] The first book of Samuel / David Toshio Tsumura -- [v. 15] The books of Ezra and Nehemiah / F. Charles Fensham -- [v. 18] The book of Job / John E. Hartley -- [v.20a] The Book of Proverbs Chapters 1-15 / Bruce K. Waltke -- [v.20b] The book of Proverbs Chapters 15-31 / Bruce K. Waltke -- [v. 21] The book of Ecclesiastes / Tremper Longman III -- [v.22] Song of Songs / Tremper Longman III -- [v. 23a] The book of Isaiah chapters 1-39 / John N.Oswalt -- [v. 23b] The book of Isaiah chapters 40-66 / John N. Oswalt -- [v. 24] The book of Jeremiah / J. A. Thompson -- [v. 26a] The book of Ezekiel chapters 1-24 / Daniel I. Block -- [v. 26b] The book of Ezekiel chapters 25-48 / Daniel I. Block -- [v.28] The book of Hosea / J.Andrew Dearman -- [v. 29] The books of Joel, Obadiah, Jonah, and Micah / Leslie C. Allen -- [v. 34] The books of Nahum, Habakkuk, and Zephaniah / O. Palmer Robertson -- [v. 37] The books of Haggai and Malachi / Pieter A. Verhoef |
| 630 00 - SUBJECT ADDED ENTRY--UNIFORM TITLE | |
| Uniform title | Bible. |
| Form subdivision | Commentaries |
| 630 00 - SUBJECT ADDED ENTRY--UNIFORM TITLE | |
| Uniform title | Bible. |
| Name of part/section of a work | Old Testament |
| Form subdivision | Commentaries |
| 700 1# - ADDED ENTRY--PERSONAL NAME | |
| Personal name | Allen, Leslie C |
| 700 1# - ADDED ENTRY--PERSONAL NAME | |
| Personal name | Ashley, Timothy R., |
| Dates associated with a name | 1947- |
| 700 1# - ADDED ENTRY--PERSONAL NAME | |
| Personal name | Block, Daniel I. (Daniel Isaac), |
| Dates associated with a name | 1943- |
| 700 1# - ADDED ENTRY--PERSONAL NAME | |
| Personal name | Dearman, J. Andrew |
| Fuller form of name | (John Andrew), |
| Dates associated with a name | 1951- |
| 700 1# - ADDED ENTRY--PERSONAL NAME | |
| Personal name | Fensham, F. Charles (Frank Charles), |
| Dates associated with a name | 1925- |
| 700 1# - ADDED ENTRY--PERSONAL NAME | |
| Personal name | Hamilton, Victor P |
| 700 1# - ADDED ENTRY--PERSONAL NAME | |
| Personal name | Harrison, R. K. |
| Fuller form of name | (Roland Kenneth) |
| 700 1# - ADDED ENTRY--PERSONAL NAME | |
| Personal name | Hubbard, Robert L., |
| Dates associated with a name | 1943- |
| 700 1# - ADDED ENTRY--PERSONAL NAME | |
| Personal name | Longman, Tremper |
| 700 1# - ADDED ENTRY--PERSONAL NAME | |
| Personal name | Oswalt, John N., |
| Dates associated with a name | 1940- |
| 700 1# - ADDED ENTRY--PERSONAL NAME | |
| Personal name | Robertson, O. Palmer |
| 700 1# - ADDED ENTRY--PERSONAL NAME | |
| Personal name | Thompson, J. A. (John Arthur), |
| Dates associated with a name | 1913- |
| 700 1# - ADDED ENTRY--PERSONAL NAME | |
| Personal name | Verhoef, Pieter A |
| 700 1# - ADDED ENTRY--PERSONAL NAME | |
| Personal name | Waltke, Bruce K. |
| 700 1# - ADDED ENTRY--PERSONAL NAME | |
| Personal name | Hartley, John E |
| 700 1# - ADDED ENTRY--PERSONAL NAME | |
| Personal name | Wenham, Gordon J |
| 700 1# - ADDED ENTRY--PERSONAL NAME | |
| Personal name | Webb, Barry G |
| 700 1# - ADDED ENTRY--PERSONAL NAME | |
| Personal name | Woudstra, Marten H |
| 942 ## - ADDED ENTRY ELEMENTS (KOHA) | |
| Source of classification or shelving scheme | Dewey Decimal Classification |
| Koha item type | Reference |
| Withdrawn status | Lost status | Source of classification or shelving scheme | Damaged status | Not for loan | Collection code | Home library | Current library | Shelving location | Date acquired | Cost, normal purchase price | Serial Enumeration / chronology | Total Checkouts | Full call number | Barcode | Date last seen | Price effective from | Koha item type |
|---|---|---|---|---|---|---|---|---|---|---|---|---|---|---|---|---|---|
| Dewey Decimal Classification | Not For Loan | Reference | Harvest Mission College | Harvest Mission College | Reference | 21.01.2019 | 2560.00 | The Book Of Ruth | REF 220.7 H318N | 007702 | 21.01.2019 | 21.01.2019 | Reference | ||||
| Dewey Decimal Classification | Not For Loan | Reference | Harvest Mission College | Harvest Mission College | Reference | 21.01.2019 | 2560.00 | The Book Of Deuteronomy | REF 220.7 H318N | 007703 | 21.01.2019 | 21.01.2019 | Reference | ||||
| Dewey Decimal Classification | Not For Loan | Reference | Harvest Mission College | Harvest Mission College | Reference | 21.01.2019 | 2560.00 | The Book Of Joel, Obadiah, Jonah and Micah | REF 220.7 H318N | 007704 | 21.01.2019 | 21.01.2019 | Reference | ||||
| Dewey Decimal Classification | Not For Loan | Reference | Harvest Mission College | Harvest Mission College | Reference | 21.01.2019 | 2560.00 | The Book Of Ezra and Nehemiah | REF 220.7 H318N | 007705 | 21.01.2019 | 21.01.2019 | Reference | ||||
| Dewey Decimal Classification | Not For Loan | Reference | Harvest Mission College | Harvest Mission College | Reference | 21.01.2019 | 2560.00 | The Book Of Haggai and Malachi | REF 220.7 H318N | 007706 | 21.01.2019 | 21.01.2019 | Reference | ||||
| Dewey Decimal Classification | Not For Loan | Reference | Harvest Mission College | Harvest Mission College | Reference | 21.01.2019 | 2560.00 | The Book Of Job | REF 220.7 H318N | 007707 | 21.01.2019 | 21.01.2019 | Reference | ||||
| Dewey Decimal Classification | Not For Loan | Reference | Harvest Mission College | Harvest Mission College | Reference | 21.01.2019 | 2560.00 | The Book Of Joshua | REF 220.7 H318N | 007816 | 21.01.2019 | 21.01.2019 | Reference |
